Arabic-Speaking African Countries - Statistics

General Stats
  • This quiz has been taken 67 times
  • The average score is 10 of 11
Answer Stats
Answer % Correct
Algeria
97%
Egypt
97%
Libya
97%
Morocco
97%
Tunisia
95%
Chad
93%
Mauritania
92%
Sudan
92%
Somalia
85%
Djibouti
83%
Comoros
75%
No matching quizzes found
Score Distribution
Percent of People with Each Score
Percentile by Number Answered
Your Score History
You have not taken this quiz